[Event "GER-chT U16"]
[Site "Darmstadt"]
[Date "2022.12.29"]
[Round "5"]
[White "Noennig, Jakob1111"]
[Black "Gering, Jakob"]
[Result "1/2-1/2"]
[WhiteElo "1606"]
[BlackElo "1539"]
[PlyCount "94"]
[EventDate "2022.12.26"]
[EventType "team-swiss"]
[EventRounds "7"]
[EventCountry "GER"]
[SourceTitle "CBM 212 Extra"]
[Source "ChessBase"]
[SourceDate "2023.03.31"]
[SourceVersion "1"]
[SourceVersionDate "2023.03.31"]
[SourceQuality "1"]
[WhiteTeam "Magdeburg Schachzwerge"]
[BlackTeam "Paderborn Akademie"]
[WhiteTeamCountry "GER"]
[BlackTeamCountry "GER"]

1. e4 e6 2. d4 d5 3. Nd2 c5 4. exd5 Qxd5 5. Ngf3 cxd4 6. Bc4 Qd6 7. 0-0 Nf6 8. Nb3 Nc6 9. Nbxd4 Nxd4 10. Nxd4 Be7 11. Nb5 Qc6 12. Qe2 a6 13. Nd4 Qc7 14. Re1 0-0 15. Bg5 Qc5 16. Be3 Qe5 17. Rad1 Bd7 18. Nf3 Qh5 19. Nd4 Qxe2 20. Rxe2 Rac8 21. Bb3 e5 22. Bg5 Bg4 23. f3 exd4 24. Rxe7 Bf5 25. Bxf6 gxf6 26. Rxb7 Bxc2 27. Rxd4 Bxb3 28. Rxb3 Rc1+ 29. Kf2 Rc2+ 30. Kg3 Kh8 31. Rb6 f5 32. Kh3 Rg8 33. g4 fxg4+ 34. Rxg4 Rg6 35. Rgxg6 hxg6 36. Rxa6 Rxb2 37. Ra7 Kg7 38. a4 Ra2 39. a5 Kf6 40. a6 Ra4 41. Kg3 Ke6 42. Ra8 Kf6 43. h4 Kg7 44. Ra7 Kf6 45. f4 Kg7 46. Kf3 Kf6 47. Ke3 Kg7 1/2-1/2

[Event "GER-chT U14"]
[Site "Willingen"]
[Date "2022.08.14"]
[Round "3.8"]
[White "Gering, Jakob"]
[Black "Mehner, Lorenz"]
[Result "1-0"]
[WhiteElo "1423"]
[BlackElo "1602"]
[PlyCount "69"]
[EventDate "2022.08.13"]
[EventType "team-swiss"]
[EventRounds "7"]
[EventCountry "GER"]
[SourceTitle "EXT 2023"]
[Source "ChessBase"]
[SourceDate "2022.10.05"]
[SourceVersion "1"]
[SourceVersionDate "2022.10.05"]
[SourceQuality "1"]
[WhiteTeam "Paderborn"]
[BlackTeam "Chemnitz USG"]
[WhiteTeamCountry "GER"]
[BlackTeamCountry "GER"]

1. d4 Nf6 2. Bf4 c5 3. c3 e6 4. e3 d5 5. Nd2 Nc6 6. Ngf3 Bd6 7. Bg3 0-0 8. Bd3 Re8 9. Ne5 cxd4 10. exd4 Qc7 11. Ndf3 Rb8 12. 0-0 b5 13. Nxc6 Qxc6 14. Ne5 Qc7 15. Qe2 a6 16. a4 b4 17. cxb4 Rxb4 18. Bxa6 Bxa6 19. Qxa6 Rxb2 20. Rfc1 Qb6 21. Qd3 Bxe5 22. Bxe5 Ne4 23. a5 Qa7 24. Rc7 Rb7 25. Rxb7 Qxb7 26. Rb1 Qc8 27. a6 Nc3 28. Rb8 Qc6 29. Rxe8+ Qxe8 30. Qxc3 f6 31. Bg3 Qa4 32. Qc8+ Kf7 33. Qb7+ Kg6 34. h3 f5 35. Be5 1-0

[Event "GER-chT U14"]
[Site "Willingen"]
[Date "2021.06.26"]
[Round "6.8"]
[White "Gering, Jakob"]
[Black "Zimanovic, Leon Daniel"]
[Result "1-0"]
[WhiteElo "1313"]
[BlackElo "1386"]
[PlyCount "71"]
[EventDate "2021.06.23"]
[EventType "team-swiss"]
[EventRounds "7"]
[EventCountry "GER"]
[SourceTitle "EXT 2022"]
[Source "ChessBase"]
[SourceDate "2021.10.06"]
[SourceVersion "1"]
[SourceVersionDate "2021.10.06"]
[SourceQuality "1"]
[WhiteTeam "Paderborn"]
[BlackTeam "Ostfildern"]
[WhiteTeamCountry "GER"]
[BlackTeamCountry "GER"]

1. d4 d5 2. Nf3 Nf6 3. g3 Bf5 4. Bg2 h6 5. 0-0 e6 6. c4 dxc4 7. Ne5 c6 8. Nc3 Nbd7 9. Nxc4 Be7 10. Qb3 Nb6 11. Na5 Qd7 12. e4 Bh7 13. Be3 0-0 14. Rad1 Qc7 15. Bf4 Qc8 16. Nc4 Nxc4 17. Qxc4 Rd8 18. Qe2 b5 19. e5 Nd5 20. Nxd5 exd5 21. Rc1 Qa6 22. a3 Rac8 23. Bh3 Ra8 24. Qd2 g5 25. Be3 Rab8 26. f4 gxf4 27. Bxf4 Bg5 28. Bxg5 hxg5 29. Qxg5+ Bg6 30. Bf5 Qb6 31. Rf4 Kg7 32. Qf6+ Kg8 33. Bxg6 Rf8 34. Bh7+ Kxh7 35. Rh4+ Kg8 36. Rh8# 1-0

[Event "GER-chT U14"]
[Site "Willingen"]
[Date "2021.06.24"]
[Round "1.10"]
[White "Bork, Miron"]
[Black "Gering, Jakob"]
[Result "0-1"]
[WhiteElo "1113"]
[BlackElo "1313"]
[PlyCount "102"]
[EventDate "2021.06.23"]
[EventType "team-swiss"]
[EventRounds "7"]
[EventCountry "GER"]
[SourceTitle "EXT 2022"]
[Source "ChessBase"]
[SourceDate "2021.10.06"]
[SourceVersion "1"]
[SourceVersionDate "2021.10.06"]
[SourceQuality "1"]
[WhiteTeam "Weingarten"]
[BlackTeam "Paderborn"]
[WhiteTeamCountry "GER"]
[BlackTeamCountry "GER"]

1. e4 e6 2. c4 d5 3. cxd5 exd5 4. exd5 Nf6 5. Nc3 Nbd7 6. d4 Nb6 7. Nf3 Bb4 8. g3 0-0 9. a3 Re8+ 10. Be3 Bxc3+ 11. bxc3 Nbxd5 12. Qd2 Ne4 13. Qc2 Nexc3 14. Bc4 Nxe3 15. fxe3 Nd5 16. Bxd5 Qxd5 17. Kf2 c6 18. Rhe1 Bf5 19. Qa2 Be4 20. Qxd5 Bxd5 21. Re2 Re6 22. Rae1 Rae8 23. Ne5 f6 24. e4 Bb3 25. Nf3 R6e7 26. Nd2 Bf7 27. Nf3 Bh5 28. h3 Bxf3 29. Kxf3 Rd8 30. e5 Rxd4 31. exf6 Rd3+ 32. Kf2 Rxe2+ 33. Rxe2 gxf6 34. Re7 Rb3 35. h4 c5 36. Rc7 Rxa3 37. Rxc5 b6 38. Rc6 Kf7 39. g4 b5 40. h5 h6 41. Rc7+ Ke6 42. Rh7 b4 43. Rxh6 b3 44. g5 b2 45. Rxf6+ Ke5 46. h6 b1Q 47. h7 Qb2+ 48. Kg1 Ra1+ 49. Rf1 Rxf1+ 50. Kxf1 Kf5 51. h8Q Qxh8 0-1

[Event "DSOL 08 Liga Gr-A 1st"]
[Site "Playchess.com INT"]
[Date "2020.08.12"]
[Round "2.4"]
[White "Gering, Jakob"]
[Black "Carlsdotter, Max"]
[Result "1-0"]
[WhiteElo "1313"]
[BlackElo "1000"]
[PlyCount "41"]
[EventDate "2020.06.22"]
[EventType "team-tourn (rapid)"]
[EventCountry "GER"]
[SourceTitle "EXT 2021"]
[Source "ChessBase"]
[SourceDate "2020.10.23"]
[SourceVersion "1"]
[SourceVersionDate "2020.10.23"]
[SourceQuality "1"]
[WhiteTeam "Paderborn Akademie II"]
[BlackTeam "Alzenau Koenigsspringer III"]
[WhiteTeamCountry "GER"]
[BlackTeamCountry "GER"]

1. d4 d5 2. Nf3 Bf5 3. g3 Be4 4. Bg2 Qd6 5. Bf4 Qb4+ 6. Nbd2 Nf6 7. Bxc7 Na6 8. Be5 0-0-0 9. Qc1 h5 10. 0-0 Qb6 11. c4 Qe6 12. cxd5+ Qc6 13. dxc6 bxc6 14. Nxe4 Nb4 15. a3 Kd7 16. axb4 Nxe4 17. Rxa7+ Ke6 18. Qxc6+ Rd6 19. Bh3+ f5 20. Qxe4 g5 21. Nxg5# 1-0

[Event "GER-chT U14"]
[Site "Magdeburg"]
[Date "2019.12.29"]
[Round "5.7"]
[White "Gering, Jakob"]
[Black "Lerchl, Justus"]
[Result "1-0"]
[WhiteElo "1311"]
[BlackElo "1464"]
[PlyCount "89"]
[EventDate "2019.12.27"]
[EventType "team-swiss"]
[EventRounds "7"]
[EventCountry "GER"]
[SourceTitle "CBM 194 Extra"]
[Source "ChessBase"]
[SourceDate "2020.03.31"]
[SourceVersion "1"]
[SourceVersionDate "2020.03.31"]
[SourceQuality "1"]
[WhiteTeam "Paderborn"]
[BlackTeam "Vaterstetten Grasbrunn"]
[WhiteTeamCountry "GER"]
[BlackTeamCountry "GER"]

1. d4 Nf6 2. Bf4 e6 3. e3 c5 4. c3 cxd4 5. exd4 Be7 6. Nd2 0-0 7. Ngf3 d6 8. Bd3 b6 9. Ne4 Nd5 10. Bg3 Bb7 11. h4 h6 12. Qe2 Qc7 13. 0-0 Re8 14. Ned2 Nd7 15. Nc4 Bf8 16. Rfe1 f5 17. Qd2 N7f6 18. Re2 Nh5 19. Rae1 Bc8 20. Na3 Bd7 21. Bh2 Rab8 22. Nb5 Qc6 23. c4 Nc7 24. Nxa7 Qa4 25. Nb5 Nxb5 26. cxb5 Qxa2 27. Qc3 Rbc8 28. Qa3 Qxa3 29. bxa3 Rc3 30. Bxf5 Kf7 31. Bh3 Rxa3 32. Rb2 Ra5 33. Reb1 Rc8 34. d5 Rxb5 35. Bxe6+ Ke7 36. Rxb5 Rc1+ 37. Rxc1 Bxb5 38. Rb1 Bc4 39. Bxd6+ Kxd6 40. Rxb6+ Kc7 41. Rc6+ Kd8 42. Rxc4 Nf6 43. Nd4 Ne4 44. Nf5 Nd2 45. Rc8# 1-0

[Event "GER-chT U14"]
[Site "Magdeburg"]
[Date "2019.12.29"]
[Round "6.6"]
[White "Gering, Jakob"]
[Black "Morgenthaler, Nick"]
[Result "0-1"]
[WhiteElo "1311"]
[BlackElo "1391"]
[PlyCount "90"]
[EventDate "2019.12.27"]
[EventType "team-swiss"]
[EventRounds "7"]
[EventCountry "GER"]
[SourceTitle "CBM 194 Extra"]
[Source "ChessBase"]
[SourceDate "2020.03.31"]
[SourceVersion "1"]
[SourceVersionDate "2020.03.31"]
[SourceQuality "1"]
[WhiteTeam "Paderborn"]
[BlackTeam "Frankenthal"]
[WhiteTeamCountry "GER"]
[BlackTeamCountry "GER"]

1. d4 d5 2. Nf3 Nf6 3. g3 b6 4. Bg2 Bb7 5. 0-0 e6 6. c4 Nbd7 7. Nc3 c5 8. b3 Bd6 9. Bb2 0-0 10. Re1 dxc4 11. bxc4 cxd4 12. Nxd4 Bxg2 13. Kxg2 Bc5 14. e4 Bxd4 15. Qxd4 Nc5 16. Qe3 Qd3 17. Rad1 Qxe3 18. Rxe3 Rfd8 19. Rxd8+ Rxd8 20. f3 h6 21. Re2 Nd3 22. Rd2 Ne1+ 23. Kf1 Rxd2 24. Kxe1 Rxb2 25. Kd1 Rxh2 26. Ne2 Kf8 27. a4 Ke7 28. Kd2 Kd6 29. Kd3 Rh1 30. Nc3 a6 31. Kd4 e5+ 32. Ke3 h5 33. Kf2 Rc1 34. Ne2 Rxc4 35. Ke3 Rxa4 36. Kf2 b5 37. Nc3 Kc5 38. Ke2 Kc4 39. Kd2 Ra3 40. Nb1 Ra2+ 41. Kc1 b4 42. Nd2+ Rxd2 43. Kxd2 b3 44. Kc1 Kc3 45. Kb1 b2 0-1